Statistiques concernant Set 7 : TFT

Cliquez ici pour prendre le quiz!

Statistiques générales

  • Ce quiz a été pris 38 fois
  • Le résultat moyen est 88 sur 165

Statistiques - réponses

HintRéponse% Correct
SynergiesDragon
88%
Dragon | Furiaile | MétamorpheShyvana
88%
Cosmique | Dragon | EnsorceleurAurelion Sol
81%
Dracomancien | Guerrier | MirageYasuo
81%
Synergiescosmique
75%
Guerrier | MirageYone
75%
Jade | MétamorpheGnar
69%
Cosmique | MétamorpheNidalee
69%
Cosmique | ViftireurVarus
69%
Dracomancien | Legende | LuminécailleVolibear
69%
Furiaile | ViftireurXayah
69%
Dragon | TempêteAo Shin
63%
SynergiesAssassin
63%
SynergiesJade
63%
Dracomancien | JadeKarma
63%
Brise-écaille | Cavalier | MageLillia
63%
SynergiesMage
63%
SynergiesMétamorphe
63%
SynergiesMirage
63%
Cavalier | MirageNunu
63%
Cavalier | GuildeSejuani
63%
SynergiesCombattant
56%
Tempête | ViftireurEzreal
56%
SynergiesFuriaile
56%
Cavalier | FuriaileHecarim
56%
Dragonnier | Ensorceleur | MystiqueLulu
56%
Brise-écaille | Combattant | GuerrierOlaf
56%
Assassin | TempêteQiyana
56%
Dragon | Jade | MystiqueShi oh yu
56%
Combattant | CosmiqueSkarner
56%
Jade | StellomancienneSoraka
56%
Combattant | Dragon | MurmuresSy'fen
56%
Combattant | Mage | MurmuresSylas
56%
Assassin | GuildeTalon
56%
SynergiesTempête
56%
Canonnier | DragonnierTristana
56%
SynergiesViftireur
56%
Cosmique | MageVladimir
56%
Guerrier | LuminécailleAatrox
50%
Ensorceleur | Jade | LegendeAnivia
50%
Dracomancien | Jade | ViftireurAshe
50%
Barde | Guilde | MystiqueBard
50%
SynergiesBarde
50%
Brise-écaille | GardienBraum
50%
SynergiesBrise-écaille
50%
SynergiesCavalier
50%
Canonnier | PyrotechnicienCorki
50%
Dragon | MirageDaeja
50%
Assassin | Brise-écailleDiana
50%
SynergiesDracomancien
50%
SynergiesEnsorceleur
50%
SynergiesGuilde
50%
Dragonnier | MageHeimerdinger
50%
Combattant | CosmiqueIllaoi
50%
Dracomancien | TempêteLee sin
50%
Gardien | MirageLeona
50%
SynergiesLuminécaille
50%
SynergiesMurmures
50%
Cosmique | Mage | MystiqueNami
50%
Jade | MétamorpheNeeko
50%
Canonnier | FuriaileSenna
50%
Dracomancien | FuriaileSett
50%
Combattant | Furiaile | GuerrierShen
50%
Guilde | ViftireurTwitch
50%
SynergiesGuerrier
44%
Dragon | Gardien | LuminécailleIdas
44%
Canonnier | PyrotechnicienJinx
44%
Assassin | Furiaile | LuminécailleKayn
44%
SynergiesLégende
44%
SynergiesMystique
44%
Combattant | Legende | TempêteOrnn
44%
Guilde | MageRyze
44%
Dracomancien | Furiaile | MétamorpheSwain
44%
Combattant | PyrotechnicienTahm kench
44%
Gardien | JadeTaric
44%
SynergiesCanonnier
38%
Murmures | MétamorpheElise
38%
SynergiesGardien
38%
Assassin | MurmuresPyke
38%
SynergiesVoleuse de sort
38%
Mage | Voleuse de sortZoe
38%
LuminécailleZoé
38%
SynergiesDragonnier
31%
Ensorceleur | PyrotechnicienSona
31%
SynergiesStellomancienne
31%
MurmuresPantheon
25%
SynergiesPyrotechnicien
25%
Gardien | MurmuresThresh
19%

Distribution des résultats

Percentile par nombre de réponses

% des personnes avec chaque résultat

Votre développement - résultats

Vous n’avez pas pris ce quiz